| 000 | 00911nam a22001697a 4500 | ||
|---|---|---|---|
| 003 | SGT | ||
| 020 | _a9780195690873 | ||
| 082 | _a658.5 BED | ||
| 100 | _aBEDI, KANISHKA | ||
| 245 | _aPRODUCTION AND OPERATIONS MANAGEMENT | ||
| 250 | _a2ND | ||
| 260 |
_aNEW DELHI _bOXFORD _c2013 |
||
| 300 | _a753 | ||
| 650 | _aPRODUCTION AND OPERATIONS MANAGEMENT | ||
| 653 | _a INTRODUCTION TO PRODUCTION AND OPERATIONS MANAGEMENT . SERVICE OPERATIONS MANAGEMENT . OUTSOURCING AND OFF SHORING . FACILITY LOCATION PLANNING . FACILITY CAPACITY AND LAYOUT PLANNING . PROJECT MANAGEMENT . INVENTORY MANAGEMENT . MATERIALS REQUIREMENT PLANNING, JUST-IN-TIME, AND SUPPLY CHAIN MANAGEMENT . TOTAL PRODUCTIVE MAINTENANCE . AGGREGATE PLANNING . WORK DESIGN OPERATIONS SCHEDULING . QUALITY MANAGEMENT . DEMAND FORECASTING . OPERATIONS STRATEGIES ANSWERS TO NUMERICAL PROBLEMS APPENDIX: STATISTICAL TABLES | ||
| 942 |
_2ddc _cFCM _020 |
||
| 999 |
_c8902 _d8902 |
||